| 000 | 00368nam a2200145Ia 4500 | ||
|---|---|---|---|
| 008 | 230917s9999||||xx |||||||||||||| ||und|| | ||
| 040 |
_e189132 _aMAIN |
||
| 041 | _aEnglish | ||
| 082 | _a330.122 H652E | ||
| 100 | _aHobson, J A | ||
| 245 | 0 | _aEvolution of modern capitalism | |
| 260 |
_aLondon _bGeorge Allen and Unwin _c1963 |
||
| 300 | _axvi, 510 p. | ||
| 942 | _cBK | ||
| 999 |
_c101454 _d101454 |
||